LIBRARY & INFORMATION CENTRE, KCAET, TAVANUR

ONLINE PUBLIC ACCESS CATALOGUE (OPAC)

Elements of heat engines / (Record no. 10727)

MARC details
000 -LEADER
fixed length control field 00290cam a2200121ua 4500
082 ## - DEWEY DECIMAL CLASSIFICATION NUMBER
Classification number 621.4
Item number PAN/EL
100 ## - MAIN ENTRY--AUTHOR NAME
Personal name Pandya, N C .
245 ## - TITLE STATEMENT
Title Elements of heat engines /
250 ## - EDITION STATEMENT
Edition statement 6 /
260 ## - PUBLICATION, DISTRIBUTION, ETC. (IMPRINT)
Place of publication New Delhi,Tulsi :
Name of publisher Charotar book stall ,
Year of publication 1967.
300 ## - PHYSICAL DESCRIPTION
Number of Pages 693 ; .
942 ## - ADDED ENTRY ELEMENTS (KOHA)
Koha item type Books
Holdings
Withdrawn status Lost status Damaged status Home library Current library Date acquired Full call number Accession Number Koha item type Collection code Shelving location
      KAUAET KAUAET 07/04/2012 621.4 13429 Books    
      KAUAET KAUAET 23/08/2012 621.4 PAN/EL 18456 Book Bank scheme for SC students Non-fiction General Stacks
free website counter